| 000 | 00847cab a2200241 4500 | ||
|---|---|---|---|
| 001 | WB3205-58 | ||
| 008 | 090401t1996 xxu||||| |||| 00| 0 eng d | ||
| 035 | _a(Sirsi) u14395 | ||
| 041 | _aeng | ||
| 245 | _aLiability for business rates | ||
| 260 | _c1996 | ||
| 350 | _a0 | ||
| 490 |
_aTimes _v31 January 1996, 20(1) |
||
| 520 | _a"Hampson (trading as Abbey Self Storage) v Newcastle upon Tyne City Council" CA 18 January 1996. Held, that the legal possesion of land alone is not sufficient to make an occupier liable to business rates. | ||
| 650 | _aABBEY SELF STORAGE | ||
| 650 | _aBUSINESS RATES | ||
| 650 | _aHAMPSON (TRADING AS ABBEY SELF STORAGE) V NEWCASTLE UPON TYNE CITY COU | ||
| 650 | _aLIABILITY FOR RATES | ||
| 650 | _aRATEABLE OCCUPATION | ||
| 690 | _aRATING AND VALUATION-CASE LAW | ||
| 942 | _n0 | ||
| 948 | _c04/03/1997 | ||
| 999 |
_c9374 _d9374 |
||